Kočičí dlažba /
Uložené v:
| Hlavný autor: | |
|---|---|
| Médium: | Kniha |
| Jazyk: | Czech |
| Vydané: |
Praha :
Orbis,
1991
|
| Vydanie: | 1. vyd. |
| ISBN: |
8023500112 (brož.) |
| Fyzický popis: |
232 s. |
| Tagy: |
Pridať tag
Žiadne tagy, Buďte prvý kto otaguje tento záznam!
|
Titul je dostupný aj v ... 

MARC
| LEADER | 00000nam a2200000 a 4500 | ||
|---|---|---|---|
| 001 | 000218621 | ||
| 005 | 20070412111605.0 | ||
| 008 | 060420s1991 xr e 000 0 czeo | ||
| 020 | |a 8023500112 (brož.) | ||
| 040 | |a SVKKK |b slo |c SVKKK |e AACR2 | ||
| 041 | 0 | |a cze | |
| 044 | |a xr |c CZ | ||
| 100 | 1 | |a Kubešová, Blanka, |d 1944- |4 aut | |
| 245 | 1 | 0 | |a Kočičí dlažba / |c Blanka Kubešová |
| 250 | |a 1. vyd. | ||
| 260 | |a Praha : |b Orbis, |c 1991 | ||
| 300 | |a 232 s. | ||
| 500 | |a Celkove 2. vyd. | ||
| 910 | |a svkkk | ||
| 919 | |a 80-235-0011-2 | ||
| 998 | |a BK | ||
| 090 | |g SCKHL |k Sklad Hlavná 10 prízemie |a I.62298 |j 829024 |i 2720401500 |s Absenčne | ||